00639nam a2200205Ia 4500003000400000005001700004006001800021007000300039008004100042037001700083040001800100041001300118082002100131100001500152245003400167260007100201300001900272490012000291650002200411OSt20220925205759.0a|||||r|||| 00| 0ta220923b |||||||| |||| 00| 0 eng d cGeneral Book aRTLcRTLbeng 2engaeng aZ(Q2).N5<--A, J8 aSarkar U C 0aEpochs in Hindu legal history aHoshiarpurbVishveshvaranand Vedic Research Institute c1958 axvi, 440pccm. aVishveshvaranand Indological Series; 8. Vishveshvaranand Institute Publications; 155. Dacca University, LLD, Thesis aGreat Britain Law